¿Ha cambiado la protesta?: la coyuntura actual de movilizaciones en Bolivia y Ecuador /
Bolivia y Ecuador han atravesado un proceso de cambios en el sistema político y una reconfiguración de las fuerzas sociales y políticas. Frente a esas circunstancias los movimientos sociales han cambiado sus formas de acción y relacionamiento con los actuales gobiernos, decayendo las protestas en lo...
Guardado en:
| Hovedforfatter: | |
|---|---|
| Andre forfattere: | |
| Format: | Texto |
| Fag: | |
| Tags: |
Tilføj Tag
Ingen Tags, Vær først til at tagge denne postø!
|
MARC
| LEADER | 00000 a a2200000 04500 | ||
|---|---|---|---|
| 001 | 46500 | ||
| 003 | |||
| 040 | |||
| 100 | |a Martí i Puig, Salvador | ||
| 245 | |a ¿Ha cambiado la protesta?: |b la coyuntura actual de movilizaciones en Bolivia y Ecuador / |c Salvador Martí i Puig, Cristina Bastidas | ||
| 520 | |a Bolivia y Ecuador han atravesado un proceso de cambios en el sistema político y una reconfiguración de las fuerzas sociales y políticas. Frente a esas circunstancias los movimientos sociales han cambiado sus formas de acción y relacionamiento con los actuales gobiernos, decayendo las protestas en los primeros años de gobierno y repuntando hacia inicios del 2010. El siguiente artículo pretende comprender los cambios estructurales que explican estas nuevas dinámicas bajo los gobiernos de Evo Morales y Rafael Correa. | ||
| 590 | |a AMB/OCTUBRE2014 | ||
| 650 | |a ESTADO | ||
| 650 | |a POLITICA | ||
| 650 | |a PODER | ||
| 650 | |a CONFLICTOS SOCIALES | ||
| 650 | |a MOVIMIENTOS SOCIALES | ||
| 650 | |a ECUADOR | ||
| 650 | |a BOLIVIA | ||
| 700 | |a Bastidas, Cristina | ||
| 773 | |g volumen16, número44 (2012), páginas 19-33 : gráficos | ||
| 999 | |c 24624 |d 24624 | ||
